País que começam com I - Statistics

Estatísticas Gerais
  • Esse quiz foi jogado 89 vezes
    62 desde o último reset
  • A pontuação média é 8 de 11
Estatísticas das Respostas
Hint Resposta % Correto
7. Índia
86%
4. Irlanda
86%
3. Itália
84%
1. Indonésia
80%
11. Iêmen
77%
8. Irão
77%
2. Islândia
77%
10. Ilhas Marshall
71%
5. Iraque
71%
6. Israel
54%
9. Ilhas Fiji
13%
Nenhum quiz correspondente encontrado
Distribuição das Pontuações
Porcentagem de Pessoas com Cada Pontuação
Percentil de Números Respondidos
Sua Pontuação Histórica
Você não jogou esse quiz desde o último reset